[Event "PCA/Intel-GP"]
[Site "Moscow"]
[Date "1995.04.29"]
[Round "2.1"]
[White "Ivanchuk, Vassily"]
[Black "Kortschnoj, Viktor Lvovich"]
[Result "1-0"]
[WhiteElo "2700"]
[BlackElo "2635"]
[Annotator "Vaisser,A"]
[PlyCount "161"]
[EventDate "1995.04.??"]
[EventType "k.o. (rapid)"]
[EventRounds "4"]
[EventCountry "RUS"]
[SourceTitle "CBM 046 Extra"]
[Source "ChessBase"]
[SourceDate "1995.07.01"]
[SourceVersion "1"]
[SourceVersionDate "1995.07.01"]
[SourceQuality "1"]

1. c4 e5 2. Nc3 Nc6 3. g3 g6 4. Bg2 Bg7 5. Nf3 d6 6. O-O h6 7. Rb1 a5 8. a3 Nd4
9. b4 axb4 10. axb4 Nxf3+ 11. Bxf3 f5 12. d4 $1 e4 13. Bg2 Be6 $1 14. f3 exf3
15. Bxf3 Bxc4 16. Bxb7 Rb8 17. Bd5 Bxd5 18. Nxd5 Ne7 19. Nf4 Qd7 20. d5 c6 21.
e4 $1 cxd5 22. exd5 Qa7+ 23. Kh1 Qb7 $1 24. Bb2 Bxb2 25. Rxb2 g5 26. Nh5 Qxd5+
27. Qxd5 Nxd5 28. Rxf5 Nxb4 29. Nf6+ Kd8 30. Ne4 Ke7 $2 (30... Rb6 $10) 31. Re2
Nc6 32. Nxg5+ Ne5 33. Nf7 $1 Rhf8 (33... Rh7 $6 34. Nxe5 dxe5 35. Rexe5+ Kd6
36. Ra5 $16) 34. Nxd6 Rxf5 $2 (34... Kxd6 35. Rfxe5 Rf6 36. Rh5) 35. Nxf5+ Kf6
36. Nxh6 Rb5 37. Re4 Rb1+ 38. Kg2 Rb2+ 39. Kh3 Nd3 40. Ng4+ Kf5 41. Rd4 Ne1 42.
Rf4+ Kg5 43. Ne5 Rb3 44. Rf8 Nc2 45. Nf3+ Kg6 46. Rf4 Ne3 47. Re4 Ra3 48. g4
Nd5 49. Kg3 Nf6 50. Rd4 Ra5 51. h4 Rb5 52. Rd3 Ra5 53. Re3 Ra4 54. Ne5+ Kg7 55.
Rb3 Re4 56. Rb7+ Kg8 57. Rb5 Kg7 58. Kf3 Ra4 59. h5 Kh6 60. Rb6 Kg5 61. Nf7+
Kh4 62. Rxf6 Rxg4 63. h6 Rg3+ 64. Kf4 Rg4+ 65. Ke5 Rg1 66. h7 Re1+ 67. Kd6 Rd1+
68. Ke7 Re1+ 69. Re6 Rg1 70. h8=Q+ Kg3 71. Rg6+ Kf2 72. Rxg1 Kxg1 73. Qh3 Kf2
74. Ne5 Ke2 75. Qf3+ Kd2 76. Kd6 Kc2 77. Kc5 Kd2 78. Kc4 Kc1 79. Kc3 Kb1 80.
Qe2 Ka1 81. Qb2# 1-0

[Event "Biel"]
[Site "Biel"]
[Date "1986.07.22"]
[Round "3"]
[White "Kortschnoj, Viktor Lvovich"]
[Black "Greenfeld, Alon"]
[Result "0-1"]
[WhiteElo "2650"]
[BlackElo "2510"]
[Annotator "Dolmatov,S"]
[PlyCount "44"]
[EventDate "1986.07.20"]
[EventType "tourn"]
[EventRounds "11"]
[EventCountry "SUI"]
[EventCategory "12"]
[SourceTitle "MCL"]
[Source "ChessBase"]
[SourceDate "1999.07.01"]
[SourceVersion "1"]
[SourceVersionDate "1999.07.01"]
[SourceQuality "1"]

1. Nf3 Nf6 2. c4 c5 3. d4 cxd4 4. Nxd4 e6 5. Nb5 $2 (5. Nc3) 5... d5 6. cxd5 (
6. Bf4 Bb4+ $40) 6... a6 (6... Nxd5 7. e4 $14) 7. N5c3 exd5 8. Be3 (8. Bg5 d4
9. Bxf6 Qxf6 10. Nd5 Qe5 $17) 8... Nc6 9. Bd4 Nxd4 10. Qxd4 Qc7 11. e3 Bc5 12.
Qa4+ (12. Nxd5 Nxd5 13. Qxd5 Bb4+ 14. Nd2 Be6 $17) 12... b5 (12... Bd7 $6 13.
Bb5 $15) 13. Bxb5+ axb5 14. Qxa8 O-O 15. b4 (15. O-O Ng4 16. g3 Bb7 17. Nxb5
Qc6 $19) (15. Nd2 Bb7 16. Nxb5 Qb6 17. Qa4 Bc6 $19) 15... Bxb4 16. O-O Ng4 (
16... Bxc3 $2 17. Nxc3 Qxc3 18. Rac1 $18) 17. g3 Bb7 18. Nxb5 Qc6 19. Qa4 d4
20. f3 Qh6 21. Qc2 (21. fxg4 Qxe3+ 22. Rf2 Qe1+ 23. Rf1 Qe4 $19) 21... d3 22.
Qg2 Nxe3 0-1

[Event "EU-chT (Men) 11th"]
[Site "Pula"]
[Date "1997.05.??"]
[Round "8.1"]
[White "Kortschnoj, Viktor Lvovich"]
[Black "Cvitan, Ognjen"]
[Result "1/2-1/2"]
[WhiteElo "2635"]
[BlackElo "2550"]
[Annotator "Huzman,A"]
[PlyCount "78"]
[EventDate "1997.05.05"]
[EventType "team-swiss"]
[EventRounds "9"]
[EventCountry "CRO"]
[SourceTitle "CBM 057 Extra"]
[Source "ChessBase"]
[SourceDate "1997.05.01"]
[SourceVersion "1"]
[SourceVersionDate "1997.05.01"]
[SourceQuality "1"]
[WhiteTeam "Switzerland"]
[BlackTeam "Croatia II"]
[WhiteTeamCountry "SUI"]
[BlackTeamCountry "CRO"]

1. d4 Nf6 2. c4 g6 3. Nc3 Bg7 4. e4 d6 5. Be2 O-O 6. Nf3 e5 7. O-O Nc6 8. d5
Ne7 9. Ne1 Nd7 10. Be3 f5 11. f3 f4 12. Bf2 g5 13. Rc1 Ng6 14. c5 Nxc5 15. b4
Na6 16. Nd3 h5 17. Nb5 Bd7 18. a4 Bh6 19. Rc3 (19. Nxa7 g4 20. fxg4 f3) 19...
Rf7 $1 20. Nxa7 Rg7 21. Nb5 Nf8 {[%cal Gg5g4,Gf8h7,Gh7f6]} 22. h3 Nh7 23. Be1 {
[%csl Yg4][%cal Yd3f2]} Nf6 24. Nf2 Nxb4 25. Rxc7 Na6 $1 26. Rxb7 (26. Rc2 $5
Bxb5 (26... Nc5) 27. Bxb5 Nc5 28. Rc4 Kh7 $132 {[%cal Gd8g8,Gg5g4]}) (26. Rc4
Bxb5 27. axb5 Nc5) 26... Nc5 27. Rc7 g4 (27... Ne8 $2 28. Rxc5 dxc5 29. Bc3 $16
) 28. hxg4 hxg4 29. fxg4 Nfxe4 30. Nxe4 Nxe4 31. Qb3 (31. Qc2 Ng3) 31... Ng3 (
31... Nc5 $5) 32. Bxg3 fxg3 33. Qxg3 Bxb5 34. Rxg7+ Kxg7 35. g5 $8 (35. Bxb5
Qb6+ 36. Rf2 Be3 $19) 35... Bxg5 (35... Qxg5 36. Qxg5+ Bxg5 37. Bxb5) 36. Bxb5
Qb6+ 37. Rf2 Qe3 $1 $11 38. Qf3 Qe1+ 39. Bf1 Be3 1/2-1/2

[Event "Garmisch Partenkirchen"]
[Site "Garmisch Partenkirchen"]
[Date "1994.??.??"]
[Round "8"]
[White "Adams, Michael"]
[Black "Kortschnoj, Viktor Lvovich"]
[Result "1-0"]
[WhiteElo "2640"]
[BlackElo "2615"]
[Annotator "Kortschnoj"]
[PlyCount "99"]
[EventDate "1994.??.??"]
[EventType "tourn (rapid)"]
[EventRounds "15"]
[EventCountry "GER"]
[EventCategory "13"]
[SourceTitle "CBM 043 Extra"]
[Source "ChessBase"]
[SourceDate "1995.01.01"]
[SourceVersion "1"]
[SourceVersionDate "1995.01.01"]
[SourceQuality "1"]

1. e4 e6 2. d4 d5 3. e5 c5 4. c3 Nc6 5. Nf3 Qb6 6. Be2 Nge7 7. Na3 cxd4 8. cxd4
Nf5 9. Nc2 Be7 (9... Nb4) 10. O-O Bd7 (10... h5 11. b4 $14) 11. Rb1 (11. g4 $5)
11... a5 (11... h5 $1 12. b4 a5 $10) 12. g4 Nh4 13. Nxh4 Bxh4 14. Be3 Be7 15.
f4 Nb4 16. a3 Nxc2 17. Qxc2 Rc8 (17... f6 $5) 18. Qd3 $5 O-O 19. Kh1 Qc6 $2 (
19... f6 20. f5 a4 $13) (19... Ba4 $5 20. b3 Bd7 21. f5 Bxa3 22. f6 g6 $13) 20.
f5 f6 21. Rbc1 $1 Qb6 22. Rxc8 Bxc8 $6 (22... Rxc8 $14) 23. Qd2 Bd7 (23... Qd8
$1 24. exf6 Rxf6 25. Bg5 Rxf5 26. gxf5 Bxg5 27. Qd3 exf5 $14) 24. exf6 $142
Bxf6 (24... gxf6 $16) 25. g5 Bd8 26. f6 gxf6 27. Rg1 $1 (27. gxf6 $6 Rxf6 28.
Rg1+ Rg6) 27... f5 28. g6 $1 e5 29. Bh6 $18 Re8 30. Bh5 Qxd4 31. gxh7+ Kxh7 32.
Rg7+ (32. Bg6+ Kh8 33. Bg7+ $18) 32... Kh8 33. Qxd4 exd4 34. Rxd7 $18 Re1+ 35.
Kg2 Bf6 36. Rf7 Re6 37. Bg6 Be7 38. Bxf5 Rxh6 39. Rxe7 Rb6 40. Re2 Kg7 41. h4
Kf6 42. Bd3 Rb3 43. Rd2 a4 44. Kf3 b5 45. Kf4 b4 46. axb4 Rxb4 47. h5 Rb3 48.
h6 Rb8 49. Rg2 Rf8 50. h7 1-0

[Event "Beersheba"]
[Site "Beersheba"]
[Date "1984.??.??"]
[Round "8"]
[White "Shvidler, Eliahu"]
[Black "Kortschnoj, Viktor Lvovich"]
[Result "1/2-1/2"]
[WhiteElo "2445"]
[BlackElo "2635"]
[Annotator "ChessBase"]
[PlyCount "122"]
[EventDate "1984.??.??"]
[EventType "tourn"]
[EventRounds "13"]
[EventCountry "ISR"]
[EventCategory "9"]
[SourceTitle "MCL"]
[Source "ChessBase"]
[SourceDate "1999.07.01"]
[SourceVersion "1"]
[SourceVersionDate "1999.07.01"]
[SourceQuality "1"]

1. c4 g6 2. d4 Bg7 3. Nc3 d6 4. Nf3 Nf6 5. g3 O-O 6. Bg2 Bg4 7. O-O Qc8 8. Bg5
Re8 9. Qd2 Nc6 10. d5 Na5 11. b3 c5 12. Rae1 a6 13. e4 Qb8 14. e5 Bxf3 15. exf6
Bxg2 16. Kxg2 exf6 17. Bf4 Rxe1 18. Rxe1 f5 (18... g5 $1 $13) 19. g4 $1 b5 (
19... fxg4 20. Ne4 $146) 20. gxf5 bxc4 21. Ne4 $1 Qb4 22. f6 Bf8 23. Qxb4 cxb4
24. Bxd6 Re8 $2 (24... cxb3 25. axb3 Nxb3 26. Bxf8 Kxf8 27. Rb1 $14) 25. Be7 $1
c3 26. d6 (26. f4 $1) 26... Nc6 27. Nc5 Bh6 28. Nd3 Nb8 29. Nxb4 Nd7 30. Re4
Rc8 31. Rc4 Rxc4 32. bxc4 Bg5 33. Kf3 a5 34. Nc2 Bxf6 35. c5 $2 (35. Bxf6 Nxf6
36. Ke3 Kf8 37. Kd4 Ke8 38. c5 $18) 35... Kg7 36. Ke4 Nxc5+ 37. Kd5 Ne6 38. Kc6
g5 39. a4 Be5 $2 (39... g4) 40. d7 Bf6 41. Bxf6+ Kxf6 42. Kd6 h5 43. Ne3 Kg6
44. f3 h4 45. Nc2 Kf6 46. Nd4 Nd8 47. h3 Kg6 48. Kc7 Ne6+ 49. Nxe6 (49. Kc8 $1
Kh7 50. Nxe6 c2 51. d8=Q c1=Q+ 52. Nc7 $18) 49... c2 50. Nf8+ Kf5 51. d8=Q
c1=Q+ 52. Kb7 Kf4 53. Qxa5 Kxf3 54. Nd7 Kg3 55. Qd5 $2 (55. Qf5 $1) 55... Qb1+
56. Nb6 g4 $1 57. a5 gxh3 58. Qg5+ Kf3 59. Qh5+ Kg3 60. Qe5+ Kg2 61. Qe2+ Kg3
1/2-1/2

[Event "Dos Hermanas 10th"]
[Site "Dos Hermanas"]
[Date "1999.04.17"]
[Round "9"]
[White "Kortschnoj, Viktor Lvovich"]
[Black "Illescas Cordoba, Miguel"]
[Result "1/2-1/2"]
[WhiteElo "2673"]
[BlackElo "2585"]
[Annotator "Krasenkow,M"]
[PlyCount "59"]
[EventDate "1999.04.06"]
[EventType "tourn"]
[EventRounds "9"]
[EventCountry "ESP"]
[EventCategory "19"]
[SourceTitle "CBM 071"]
[Source "ChessBase"]
[SourceDate "1999.08.01"]
[SourceVersion "1"]
[SourceVersionDate "1999.08.01"]
[SourceQuality "1"]

1. d4 Nf6 2. c4 g6 3. Nc3 d5 4. cxd5 Nxd5 5. Bd2 Bg7 6. e4 Nb6 7. Be3 O-O 8.
Be2 e5 9. Nf3 {This continuation is quieter than} (9. d5) {but it hardly
yields White any real advantage.} 9... exd4 10. Nxd4 N8d7 (10... Qe7 11. Qc2
Rd8 12. Rd1 Nc6 13. Nxc6 Rxd1+ 14. Nxd1 bxc6 15. Qxc6 (15. O-O $1 $16) 15...
Bd7 16. Qc2 Re8 17. O-O Qxe4 18. Qxc7 Qa4 19. Nc3 Bxc3 20. Qxc3 Nd5 21. Qc4
Qxc4 22. Bxc4 Nxe3 23. fxe3 Be6 24. Bxe6 Rxe6 25. Kf2 {Atalik,S-Lin Weiguo/TCN
Cup 3rd 1997/1/2-1/2 (49)}) 11. O-O Ne5 {[%cal Ye5c4]} 12. Ndb5 Bd7 13. Bc5 Re8
14. Bxb6 (14. f4 Nec4 15. Qc2 (15. e5 a6 16. Na3 (16. Nd4 Ne3) 16... Nxb2 17.
Qb3 N2a4) 15... a6 16. Na3 Nxa3 17. Bxa3 Bc6 18. Rad1 Qh4 $132) 14... axb6 15.
f4 Nc6 16. e5 {[%cal Rc3d5] The black g7 bishop is out of play, and it is
difficult to push ...f7-f6 to liberate it.} Na7 17. Nxa7 Rxa7 $14 {White's
pawn advantage in the centre is an important factor in his favour but it is
not easy to exploit it.} 18. Rc1 (18. Qd2 Be6 19. Qxd8 Rxd8 20. Nb5 Rxa2) (18.
a3 $5) 18... c6 19. Bg4 Bxg4 20. Qxg4 f5 $1 {The e5 pawn is now strong but the
c3 knight has no prospects.} 21. Qe2 Qe7 {[%cal Yb6b5]} 22. Qf2 Ra6 23. a4 Bf8
24. Kh1 Qe6 25. Rcd1 Bc5 26. Qd2 Raa8 27. Rf3 Bb4 28. Qd4 Bc5 29. Qd3 Be7 30.
Qd7 1/2-1/2

[Event "Candidates m5"]
[Site "Wijk aan Zee"]
[Date "1991.??.??"]
[Round "8"]
[White "Sax, Gyula"]
[Black "Kortschnoj, Viktor Lvovich"]
[Result "1/2-1/2"]
[WhiteElo "2605"]
[BlackElo "2615"]
[Annotator "Knaak,R"]
[PlyCount "32"]
[EventDate "1991.01.??"]
[EventType "match"]
[EventRounds "8"]
[EventCountry "NED"]
[SourceTitle "Candidates"]
[Source "ChessBase"]
[SourceDate "1999.07.01"]
[SourceVersion "2"]
[SourceVersionDate "1999.07.01"]
[SourceQuality "1"]

1. e4 e6 2. d4 d5 3. Nc3 Nf6 4. e5 Nfd7 5. Nce2 c5 6. c3 Nc6 7. f4 b5 8. Nf3 b4
9. f5 $6 ({RR} 9. cxb4 Nxb4 10. Nc3 Be7 11. Bb5 a5 12. a3 Na6 13. O-O O-O 14.
Be3 Nb6 15. dxc5 Nxc5 16. b4 Na6 17. Nd4 Bd7 18. bxa5 {1/2-1/2 Sax,G-King,D/
Hastings 1990/CBM 22/[Knaak] (18)}) 9... bxc3 $146 ({RR} 9... exf5 10. Nf4 cxd4
({RR} 10... Ndb8 11. dxc5 Bxc5 12. Qxd5 Qb6 13. Ng5 Bf2+ 14. Kd1 O-O 15. e6 Ne7
16. exf7+ Kh8 17. Qf3 h6 18. Nge6 Bxe6 19. Nxe6 Qxe6 20. Qxa8 Nec6 21. Bb5 Qd5+
22. Ke2 Bc5 23. Bxc6 Nxc6 24. Qe8 Qxg2+ 25. Kd3 Qxh1 26. Kc4 Be7 {0-1 Turner,
J-Pcola,P/CZE-chT 9697 1997/EXT 97 (26)}) ({RR} 10... bxc3 11. bxc3 cxd4 12.
Bb5 Qa5 13. Nxd5 Ne7 14. Qb3 a6 15. Ng5 axb5 16. Nc7+ Kd8 17. Nxa8 Nxe5 18. Bf4
Nd3+ 19. Kd2 Nxf4 20. Nxf7+ Ke8 21. Nxh8 Qxa8 22. Rae1 Qxg2+ 23. Kc1 Qd5 24.
Qxd5 Nfxd5 25. cxd4 g6 26. Rhg1 Bh6+ 27. Kc2 Kf8 28. Rb1 b4 29. a3 bxa3 30. Rb8
Kg7 31. Re1 Be3 32. Kd3 f4 33. Ra1 Kxh8 34. Rxa3 Kg7 35. Ra7 Bf5+ 36. Ke2 Bxd4
{0-1 Lagua,B-Orlov,G/Chicago 1991/EXT 91op (36)}) 11. cxd4 Nb6 12. Bb5 Bd7 13.
e6 fxe6 14. Nxe6 Qc8 15. Nc5 Nxd4 16. Nxd7 Nxb5 17. Qe2+ Kxd7 18. Qxb5+ Kc7 19.
Be3 Qe8 20. Qe2 Nc4 21. Bd4 Bd6 22. b3 Qxe2+ 23. Kxe2 Rhe8+ 24. Kd3 {Finkel,
A-Meessen,R/Budapest 1996/CBM 56/[Tyomkin,D]/1/2-1/2 (46)}) 10. fxe6 fxe6 11.
bxc3 cxd4 12. cxd4 Bb4+ $15 13. Bd2 O-O 14. Bxb4 Nxb4 15. Qd2 Qa5 16. Kf2 Nb6
1/2-1/2

[Event "Merida m"]
[Site "Merida"]
[Date "1996.??.??"]
[Round "1"]
[White "Kortschnoj, Viktor Lvovich"]
[Black "Hernandez, Gilberto"]
[Result "1/2-1/2"]
[WhiteElo "2635"]
[BlackElo "2560"]
[Annotator "Huzman,A"]
[PlyCount "166"]
[EventDate "1996.11.??"]
[EventType "match"]
[EventRounds "8"]
[EventCountry "MEX"]
[SourceTitle "CBM 056"]
[Source "ChessBase"]
[SourceDate "1997.02.01"]
[SourceVersion "1"]
[SourceVersionDate "1997.02.01"]
[SourceQuality "1"]

1. Nf3 Nf6 2. c4 g6 3. Nc3 Bg7 4. e4 d6 5. d4 O-O 6. Be2 e5 7. O-O Nc6 8. d5
Ne7 9. Ne1 Ne8 10. Be3 f5 11. f3 f4 12. Bf2 h5 13. c5 g5 14. Rc1 {/\15.Nb5 a6
16.cd6 cd6 17.Nc7 Nc7 18.Bb6} dxc5 {This move is one of the typical methods of
the defence of the black.The black repulse the threat of the white,receive
block square d6 for the knight and transfer the rook across f6 to g6 for the
attack of white's king.} 15. Bxc5 Rf6 16. Qb3 Kh7 17. Nd3 (17. Nb5) 17... Rg6
18. Nb5 a6 (18... b6 19. Bb4 {/\20.Bc3,/\Na3-c4 ><e5}) 19. Na7 {This move is
the patent of V.Kortschnoj.The white aren't afraid,that after sacrifices of
exchange their bishop will free itself from the trap.} Rxa7 20. Bxa7 b6 21. Rc2
(21. Nb4 $5 a5 22. Na6 {/\23.Nc7 Nc7 24.Bb6} Bxa6 23. Bxa6 Qa8 24. Bb5) 21...
Bd7 22. Rfc1 Nc8 23. Bb8 Ncd6 24. Bxc7 Nxc7 25. Rxc7 Nb5 26. Rb7 ({By the last
move the white keep the possibility in the needed moment sacrifice the
exchange back,neutralizing by this the attack of the black.The danger of this
attack is illustrated by the line} 26. R7c4 g4 (26... Nd4 27. Rxd4 exd4 28. e5
$18) 27. a4 Qh4 28. axb5 g3 29. h3 Bxh3 30. Kf1 Bxg2+ 31. Ke1 axb5 32. Rc6 Bf1
33. Rxg6 Kxg6 $17) 26... g4 27. Qd1 Nd6 28. Rxd7 Qxd7 29. Rc6 (29. Nf2 g3 30.
Nh3 {פh3}) (29. Ne1 $5 {/\} h4 30. fxg4 Nxe4 31. Bd3 Qxd5 32. Rc4 $18) 29...
g3 30. h3 (30. a4 $5 gxh2+ 31. Kxh2 h4 32. Nf2) 30... Nb5 31. Rxg6 Kxg6 32. Qa4
(32. Nb4 $5 a5 (32... Nd4 33. Bxa6) 33. Nc6 Nd4 34. Bb5 Nxc6 35. Bxc6 Qd6 $14 {
/=}) 32... Qc8 33. Kf1 Kf6 34. Qb3 Qc7 35. Bd1 Bf8 36. a4 Na7 (36... Nd4 37.
Qc3 Bd6 38. Nxf4 exf4 39. Qxd4+ Be5 $11) 37. Ke1 Bd6 38. Qc3 Ke7 39. Be2 Kd7
40. Kd1 h4 41. Nc1 a5 42. Ba6 Qc5 43. Qxc5 Bxc5 {The appeared endgame with
opposite colour bishops has draw character.The plan of the white consists of
exchange of pawns on the queen's side to receive space,needed for driving back
the piecec of the black.By accurate game of the black they succeeded in
keeping the position.} 44. Nd3 Bd4 45. Kc2 Kc7 46. Kb3 Kd6 47. Kc4 Be3 48. Ne1
Bf2 49. Nc2 Bc5 50. Ne1 Be3 51. Nd3 Bd2 52. Kb3 Be3 53. Kc3 Bd4+ 54. Kc4 Be3
55. b4 axb4 56. Kxb4 Bd4 57. Kb3 Kc7 58. Kc4 Ba1 59. Nc1 Bd4 60. Ne2 Be3 61.
Nc3 Kd6 62. Nb1 Bc1 63. Kb4 Be3 64. Kc3 Bc1 65. Kc2 Be3 66. Na3 Bd4 67. Nc4+
Kc7 68. Kb3 Kd7 69. a5 bxa5 70. Nxa5 Kd6 71. Nc4+ Kc5 72. Kc2 Nc8 73. Na5 Ne7
74. Nb3+ Kb6 (74... Kd6 75. Kd3) 75. d6 Nc6 76. Bc4 Be3 77. d7 Kc7 78. Be6 Nd4+
79. Nxd4 Bxd4 80. Kb3 Bb6 81. Kc4 Kd6 82. Kb5 Bc7 83. Bf5 Bd8 1/2-1/2

[Event "Koop Tjuchem"]
[Site "Groningen"]
[Date "1996.??.??"]
[Round "2"]
[White "Van Wely, Loek"]
[Black "Kortschnoj, Viktor Lvovich"]
[Result "1-0"]
[WhiteElo "2605"]
[BlackElo "2635"]
[Annotator "Hecht,H"]
[PlyCount "125"]
[EventDate "1996.12.20"]
[EventType "tourn"]
[EventRounds "11"]
[EventCountry "NED"]
[EventCategory "16"]
[SourceTitle "CBM 057"]
[Source "ChessBase"]
[SourceDate "1997.04.01"]
[SourceVersion "1"]
[SourceVersionDate "1997.04.01"]
[SourceQuality "1"]

1. d4 Nf6 (1... e6 2. c4 f5 3. Nf3 Nf6 4. g3 Bb4+ 5. Bd2 Be7 6. Bg2 O-O 7. O-O
Ne4 8. Nc3 b6 9. d5 Bb7 10. Nd4 Bf6 11. Be1 exd5 12. cxd5 Nd6 13. Ncb5 Nxb5 14.
Nxb5 Na6 15. Qc2 Nc5 16. Rc1 a6 17. Nxc7 Qxc7 18. b4 d6 19. bxc5 Qxc5 {1/2-1/2
Stahlberg,G-Alekhine,A/Dresden 1936 (52)}) 2. c4 e6 3. Nf3 b6 4. g3 Bb7 5. Bg2
Be7 6. O-O O-O 7. Nc3 Ne4 8. Bd2 f5 9. d5 Na6 10. Nd4 Bf6 11. Be1 Nac5 12. Nxe4
Nxe4 13. dxe6 c5 (13... Bxd4 14. Qxd4 dxe6 15. Qe5 Qd6 16. Qxd6 Nxd6 17. Bxb7
Nxb7 18. Rd1 Rad8 19. Bc3 {1/2-1/2 Wohlfahrt,H-Schwing,H/Balatonbereny op 1994
(32)}) 14. Nxf5 dxe6 15. Bxe4 Bxe4 16. Nd6 Bc6 17. Bc3 (17. Qd2 Qc7 (17... Bd4
18. Nb5 Bxb5 19. cxb5 Qf6 20. Rb1 $14) 18. Nb5 Bxb5 19. cxb5 Qe5 20. Rb1 Qe4
21. Rc1 Qa4 22. b4 (22. b3 Qxb5 $11) 22... cxb4 (22... Rfd8 23. Qc2 Qxb5 24.
bxc5 bxc5 25. Qe4 Qa6 26. Rxc5 Qxa2 27. Ba5 $14) 23. Qxb4 Qxa2 24. Qg4 $11)
17... Bxc3 18. bxc3 Qf6 19. Qd3 Rad8 20. Rad1 Rd7 21. Qe3 Rfd8 22. Ne4 Qf5 23.
Rxd7 Rxd7 24. Nd2 h5 25. f3 Rd6 26. Rc1 Bb7 27. Kf2 e5 28. Ke1 h4 29. g4 Qf4
30. Qxf4 exf4 31. Rd1 Re6 32. Kf2 Kf8 33. Nb1 Ke7 34. Rd3 g5 35. e3 b5 36. exf4
bxc4 37. Re3 gxf4 38. Rxe6+ Kxe6 {[#] Schlechte schwarze Bauernstruktur mit
mehreren Schwächen. Beweglicher weißer S aber Raumnachteil. Taktik (S-Opfer).}
39. Nd2 {[%csl Rc4,Rc5,Rh4][%cal Rd2e4,Re4c5,Rd2c4,Rf2g2,Rg2h3]} Kf6 (39... Kd5
40. Kg2 {-h3xh4}) 40. Ne4+ Ke5 41. Nxc5 Bc6 42. Ke2 Be8 43. Ne4 Bg6 44. Nf2 Bb1
45. a3 Bg6 46. Kf1 Bf7 47. Kg2 Bd5 48. Kh3 $1 Bxf3 49. Kxh4 Be4 50. Kg5 f3 51.
h4 Bd3 52. h5 Bc2 53. Kh4 Kf4 54. g5 Bf5 55. a4 a5 56. g6 Ke3 57. Kg3 Ke2 58.
g7 Bh7 59. h6 Ke3 60. Ng4+ Ke2 61. Kf4 f2 62. Nxf2 Kxf2 63. Ke5 (63. Ke5 Ke3
64. Kf6 Kd3 65. g8=Q Bxg8 66. Kg7 Kxc3 67. Kxg8 Kd2 68. h7 c3 69. h8=Q c2 70.
Qh6+ $1 Kd1 71. Qh5+ $1 $18 {und a5 fällt mit Schach oder wenn c2 verstellt ist
}) 1-0

[Event "EU-chT (Men) 14th"]
[Site "Plovdiv"]
[Date "2003.10.19"]
[Round "8.1"]
[White "Atalik, Suat"]
[Black "Kortschnoj, Viktor Lvovich"]
[Result "1/2-1/2"]
[WhiteElo "2570"]
[BlackElo "2580"]
[Annotator "Gofshtein,L"]
[PlyCount "89"]
[EventDate "2003.10.10"]
[EventType "team-swiss"]
[EventRounds "9"]
[EventCountry "BUL"]
[SourceTitle "CBM 098"]
[Source "ChessBase"]
[SourceDate "2004.02.03"]
[SourceVersion "1"]
[SourceVersionDate "2004.02.03"]
[SourceQuality "1"]
[WhiteTeam "Bosnia&Herzegovina"]
[BlackTeam "Switzerland"]
[WhiteTeamCountry "BIH"]
[BlackTeamCountry "SUI"]

1. Nf3 {[%mdl 4096]} Nf6 2. c4 e6 3. Nc3 d5 4. d4 c5 5. cxd5 Nxd5 6. g3 cxd4 (
6... Nc6 {is the main line where black usually succeeds to equalise}) 7. Nxd5
Qxd5 8. Qxd4 Qb5 {an accurate move, reaching full equality} (8... Nc6 9. Qxd5
exd5 10. Bg2 Bf5 11. O-O Be4 12. Be3 Be7 13. Rfd1 Bf6 14. Nd4 Bxd4 15. Bxd4
Bxg2 16. Kxg2 f6 17. Bc5 $14 {and white was better in Piket,J-Van Wely,L/
Groningen 1997/CBM 63 (52)}) (8... Qxd4 9. Nxd4 {and as the practice shows
white gets a small but a stable plus}) 9. e4 (9. Bd2 {also doesn't bring any
advantage for white} Nc6 10. Qc3 e5 11. e4 Qb6 {black is fine 1/2-1/2
Donchenko,A-Frog,I/Moscow 1995/EXT 97 (63)}) 9... Qb4+ 10. Qxb4 Bxb4+ 11. Bd2
Bxd2+ (11... Nc6 {is another possible move} 12. Bb5 (12. Rc1 Bxd2+ 13. Kxd2 Ke7
14. Ke3 Bd7 15. Be2 Rhd8 16. Rhd1 Be8 17. Rxd8 Rxd8 18. Rd1 Rxd1 19. Bxd1 e5
20. Ba4 f6 $11 {1/2-1/2 Krogius,N-Matulovic,M/Sarajevo 1968/MCD (20)}) 12...
Bd7 13. Bxb4 Nxb4 14. Bxd7+ Kxd7 15. O-O-O+ Ke7 16. a3 Rac8+ 17. Kb1 Na6 $11 {
1/2-1/2 Dolinskij,B-Luther,T/Pardubice 1999/EXT 2000 (57)}) 12. Kxd2 Nc6 13.
Bb5 ({Kortschnoy has already played this position with black, back in 1962,
the game continued:} 13. Ke3 Ke7 14. Rc1 Bd7 15. a3 Rhc8 16. Bc4 Na5 17. Ba2
Bb5 18. Nd4 Nc4+ 19. Bxc4 Bxc4 $11 {is equal, although black has lost the game
1-0 Benko,P-Kortschnoj,V/Curacao 1962/Candidates (81)}) 13... Bd7 14. Ke3 Ke7
15. Rac1 Rhc8 16. Rhd1 f6 $1 {another accurate move, after e6-e5 the position
becomes totally equal} 17. Bxc6 Rxc6 18. Nd4 Rxc1 19. Rxc1 e5 20. Nf5+ (20. Ne2
Bc6 $11) 20... Bxf5 21. exf5 Rd8 $6 (21... Kd6 {was a much more accurate move
not allowing the white rook to enter}) 22. Rc7+ Rd7 23. Rc8 {Now black faces
some problems} Rd8 $2 {The pawn endgame is difficult for black, it was much
better not to trade rooks, when it's not clear what white can do} 24. Rxd8 Kxd8
25. Ke4 Ke7 26. Kd5 Kd7 27. b4 Ke7 28. a4 Kd7 29. f3 a6 {If black doesn't play
this move he loses right away} (29... Ke7 30. b5 Kd7 31. a5 Ke7 32. a6 bxa6 33.
bxa6 Kd7 34. g4 g5 (34... Kc7 35. Ke6 Kb6 36. Kf7 Kxa6 37. Kxg7 Kb5 38. g5) 35.
fxg6 hxg6 36. h4 Ke7 37. g5 $1 $18) 30. g4 Ke7 31. Kc5 Kd7 32. Kb6 Kc8 33. Ka7
Kc7 34. b5 axb5 35. axb5 g5 {Other moves lose immideatly} 36. fxg6 (36. Ka8 {
is also possible} Kb6 37. Kb8 Kxb5 ({or} 37... h6 38. h3 Kxb5 39. Kxb7 Kc5 40.
Kc7 Kd4 41. Kd6 Ke3 42. Ke6 Kxf3 43. Kxf6 e4 44. Kg6 e3 45. f6 e2 46. f7 e1=Q
47. f8=Q+ Kg2 48. Qxh6 {with good practical chances to win}) 38. Kxb7 Kc5 39.
Kc7 Kd4 40. Kd6 Ke3 41. Ke6 Kxf3 42. Kxf6 e4 43. Kxg5 e3 44. f6 e2 45. f7 e1=Q
46. f8=Q+ Kg2 47. h4 {with good practical chances to win}) 36... hxg6 37. h4 f5
38. gxf5 gxf5 39. h5 e4 40. fxe4 fxe4 41. h6 (41. b6+ {was interesting} Kc6 42.
h6 e3 43. h7 e2 44. h8=Q e1=Q 45. Qc8+ Kb5 46. Qd7+ Kc5 47. Qxb7 {this
position seems to be even better than the one arised in a game}) 41... e3 42.
h7 e2 43. h8=Q e1=Q 44. Qh7+ Kd8 45. Qxb7 {Perhaps the game wasn't over now,
since white can escape the checks and stays with an extra pawn and chances to
win} (45. Qxb7 Qa1+ 46. Qa6 Qg7+ 47. Ka8 Qg2+ 48. Qb7 Qa2+ 49. Kb8 Qh2+ 50. Ka7
Qa2+ 51. Qa6 Qf7+ 52. Kb8 Qf4+ 53. Ka8 Qf3+ 54. Qb7 Qa3+ 55. Kb8 Qd6+ 56. Ka7
Qa3+ 57. Qa6 Qe7+ 58. Ka8 Qe4+ 59. Qb7 Qa4+ 60. Kb8 Qf4+ 61. Ka7 Qa4+ 62. Qa6)
1/2-1/2